[Event "Essent Open"]
[Site "Hoogeveen NED"]
[Date "2005.10.27"]
[Round "7"]
[White "Cebalo,M"]
[Black "Rozentalis,E"]
[Result "0-1"]
[WhiteElo "2512"]
[BlackElo "2585"]

1.d4 Nf6 2.c4 e6 3.Nc3 Bb4 4.f3 d5 5.a3 Bxc3+ 6.bxc3 c6 7.Qc2 Qa5 8.cxd5 cxd5
9.Bd2 Nc6 10.e3 e5 11.Bd3 O-O 12.Ne2 Qc7 13.O-O Be6 14.Be1 h6 15.Bg3 Nh5
16.Bxe5 Nxe5 17.dxe5 Qxe5 18.Qd2 Nf6 19.Nd4 Rac8 20.a4 Bd7 21.a5 Rc5 22.Rfb1 Qc7
23.Ra3 Rc8 24.Ne2 Ne8 25.Rb4 Nd6 26.Qa2 Bf5 27.Bxf5 Nxf5 28.Qb1 Nd6 29.Qd3 Nc4
30.Rab3 Nxa5 31.Rb1 Re8 32.Rd4 Nc6 33.Rxd5 Rxd5 34.Qxd5 Rxe3 35.Nd4 Rxc3
36.Re1 Nxd4 37.Re8+ Kh7 38.Qxd4 Qc5 39.Qxc5 Rxc5 40.Re7 Rb5 41.Rxf7 a5 42.Rf8 Rb6  0-1

[Event "II Open"]
[Site "Calvia ESP"]
[Date "2005.10.28"]
[Round "9"]
[White "Fischer Nielsen,J"]
[Black "Heyken,E"]
[Result "1-0"]
[WhiteElo "2218"]
[BlackElo "2332"]

1.d4 Nf6 2.c4 e6 3.Nc3 Bb4 4.f3 d5 5.a3 Bxc3+ 6.bxc3 c5 7.e3 O-O 8.Bd3 b6
9.cxd5 exd5 10.Ne2 Re8 11.O-O Ba6 12.Re1 Bxd3 13.Qxd3 Qc8 14.Ng3 cxd4 15.cxd4 Qc4
16.Qd1 Nc6 17.Bd2 Qd3 18.Rc1 Ne7 19.Rc3 Qa6 20.e4 dxe4 21.fxe4 Rac8 22.Rf3 Rcd8
23.Bg5 Nd7 24.Qb3 Qa5 25.Rxf7 Kh8 26.Qe3 Nd5 27.Qf2 N5f6 28.Bxf6 Nxf6 29.Rf1 Qxa3
30.Rxf6 gxf6 31.Qxf6+ Kg8 32.Nf5  1-0

[Event "9th Bavarian Open"]
[Site "Bad Wiessee GER"]
[Date "2005.11.04"]
[Round "7"]
[White "Hoffmann,Mi1"]
[Black "Delchev,A"]
[Result "1/2-1/2"]
[WhiteElo "2443"]
[BlackElo "2669"]

1.d4 Nf6 2.c4 e6 3.Nc3 Bb4 4.f3 d5 5.a3 Bxc3+ 6.bxc3 c5 7.cxd5 Nxd5 8.dxc5 f5
9.Nh3 O-O 10.c4 Qh4+ 11.Nf2 Qf6 12.Bd2 Nc3 13.Qc1 Na4 14.Bg5 Qf7 15.Nd3 Nd7
16.Qe3 e5 17.Nxe5 Nxe5 18.Qxe5 Be6 19.Kf2 Rac8 20.e3 Rxc5 21.Qd4 Rfc8 22.Rd1 h6
23.Bf4 Bxc4 24.Bxc4 Rxc4 25.Qd5 Rc2+ 26.Kg3 Nb6 27.Qxf7+ Kxf7 28.Rd3 Re2
29.h4 Rcc2 30.Rg1 Ke7 31.Rb3 Kf6 32.Bb8 Nc8 33.Rxb7 g5 34.hxg5+ hxg5 35.Bxa7 Nxa7
36.Rxa7 Rxe3 37.Rb1 Ree2 38.Rb6+ Re6 39.Rxe6+ Kxe6 40.Ra6+ Kf7 41.a4 Ra2
42.a5 Kg7 43.Ra8 Kh7 44.a6 f4+ 45.Kh3 Kg6 46.a7 Kg7 47.Kg4 Rxg2+ 48.Kf5 Ra2
49.Kxg5 Ra4 50.Kf5 Kh7 51.Kf6  1/2-1/2

[Event "British Rapidplay"]
[Site "Halifax ENG"]
[Date "2005.11.13"]
[Round "8"]
[White "Palliser,R"]
[Black "Wells,P"]
[Result "1/2-1/2"]
[WhiteElo "2389"]
[BlackElo "2513"]

1.d4 Nf6 2.c4 e6 3.Nc3 Bb4 4.f3 d5 5.a3 Bxc3+ 6.bxc3 c5 7.cxd5 Nxd5 8.dxc5 f5
9.Nh3 O-O 10.e3 Nc6 11.c4 Nf6 12.Qxd8 Rxd8 13.Nf4 Kf7 14.Bb2 e5 15.Nd5 Be6
16.Nc7 Rac8 17.Nxe6 Kxe6 18.Bc3 Nd7 19.g4 g6 20.gxf5+ gxf5 21.Rd1 Nxc5 22.Bh3 Na4
23.Ba1 Na5 24.e4 Rxd1+ 25.Kxd1 Rd8+ 26.Ke2 Nb3 27.Bxf5+ Kf6 28.f4 Nxa1 29.fxe5+ Kxe5
30.Rxa1 Nc5 31.Rg1 Rd3 32.Bxh7 Rxa3 33.Rg5+ Kd4 34.Rd5+ Kxc4 35.Bg8 Kb4 36.Rd4+ Kb5
37.h4 Rh3 38.e5 Rg3 39.Bf7 Rg7 40.e6 Nxe6 41.Bxe6 Re7 42.Re4 Kc5 43.h5 Kd6
44.Bf5 Rxe4+ 45.Bxe4 Ke6  1/2-1/2

[Event "WJun"]
[Site "Instanbul TUR"]
[Date "2005.11.18"]
[Round "9"]
[White "Berkes,F"]
[Black "Romanov,E"]
[Result "1-0"]
[WhiteElo "2596"]
[BlackElo "2479"]

1.d4 Nf6 2.c4 e6 3.Nc3 Bb4 4.f3 d5 5.a3 Bxc3+ 6.bxc3 c5 7.cxd5 Nxd5 8.dxc5 f5
9.c4 Qh4+ 10.g3 Qxc4 11.e4 Qc3+ 12.Bd2 Qe5 13.Bg2 fxe4 14.f4 Qf6 15.Bxe4 Nc3
16.Bxc3 Qxc3+ 17.Kf2 Qxc5+ 18.Kg2 O-O 19.Nf3 Nc6 20.Qd3 Qh5 21.Ng5 e5 22.Bxh7+ Kh8
23.Bg6 Qh6 24.Nf7+ Rxf7 25.Bxf7 Qh3+ 26.Kf2 Bf5 27.Qf3 Bg4 28.Qg2 Qh7 29.h3 Bf5
30.Rae1 Rf8 31.Bd5 exf4 32.gxf4 Qh6 33.Qg3 Qd6 34.Bg2 Rf6 35.Rd1 Qf8 36.Rhe1 Bh7
37.Kg1 Ne7 38.Qe3 Ng6 39.Qe8 Bg8 40.Qxf8 Rxf8 41.Bxb7 Rxf4 42.Rd8 Kh7 43.Be4 Rf6
44.h4 Kh8 45.Bxg6 Rxg6+ 46.Kh2  1-0

[Event "WJun Girls"]
[Site "Instanbul TUR"]
[Date "2005.11.19"]
[Round "10"]
[White "Harika,D"]
[Black "Dzagnidze,N"]
[Result "1-0"]
[WhiteElo "2392"]
[BlackElo "2443"]

1.d4 Nf6 2.c4 e6 3.Nc3 Bb4 4.f3 d5 5.a3 Bxc3+ 6.bxc3 c5 7.cxd5 Nxd5 8.dxc5 f5
9.Qc2 O-O 10.e4 fxe4 11.fxe4 Qf6 12.Nf3 Qxc3+ 13.Qxc3 Nxc3 14.Bd3 Bd7 15.Bd2 Na4
16.Rc1 Nb2 17.Be2 Bc6 18.O-O Nd7 19.Bc3 Na4 20.Bd4 h6 21.Ne5 Nxe5 22.Bxe5 Rfd8
23.Bd1 Rd2 24.Bxa4 Bxa4 25.Rf2 Rad8 26.Bd6 Rd4 27.e5 Bc6 28.Rc3 a5 29.h3 a4
30.Rg3 Rd1+ 31.Kh2 Bd5 32.Be7 Rc8 33.Rf6 Re8 34.Bd6 Rd2 35.Rfg6 Kh8 36.Rxg7 Be4
37.Be7 Rxg2+ 38.Rxg2 Bxg2 39.Bf6 Bc6 40.Rxb7+ Kg8 41.Rc7 Bd5 42.c6 Rb8 43.Rg7+ Kf8
44.c7 Rb2+ 45.Kg3 Rc2 46.Rh7 Ke8 47.Kh4 Rc3 48.c8=Q+ Rxc8 49.Rh8+ Kd7 50.Rxc8 Kxc8
51.Kh5 Kd7 52.Kxh6 Ke8 53.Kg7 Bg2 54.h4 Bf3 55.Bg5 Bg4 56.Bd2 Bh5 57.Bb4 Bg4
58.Kg6 Bf5+ 59.Kf6 Bg4 60.Bc5 Bd1 61.Kxe6 Bg4+ 62.Kf6 Be2 63.e6 Bg4 64.Be3 Kf8
65.e7+ Ke8 66.Bh6 Bd1 67.Bf8 Be2 68.Kg5 Kf7 69.h5 Bd1 70.h6 Bc2  1-0

[Event "WJun Girls"]
[Site "Instanbul TUR"]
[Date "2005.11.21"]
[Round "12"]
[White "Harika,D"]
[Black "Purtseladze,M"]
[Result "1-0"]
[WhiteElo "2392"]
[BlackElo "2338"]

1.d4 Nf6 2.c4 e6 3.Nc3 Bb4 4.f3 d5 5.a3 Bxc3+ 6.bxc3 c5 7.cxd5 Nxd5 8.dxc5 f5
9.Qc2 O-O 10.e4 fxe4 11.fxe4 Qf6 12.Nf3 Qxc3+ 13.Qxc3 Nxc3 14.Bd3 Nd7 15.Be3 Nf6
16.Rc1 Nfxe4 17.Bd4 Rd8 18.O-O h6 19.h4 e5 20.Bc4+ Nd5 21.Bxe5 Kh8 22.Rfd1 Be6
23.Re1 Bf5 24.Nd4 Bh7 25.Ne6 Ndf6 26.Nxd8 Rxd8 27.Rcd1 Rc8 28.Bxf6 Nxf6 29.Be6 Rf8
30.Bd5 Rc8 31.Bxb7 Rxc5 32.Rc1 Ra5 33.Re3 Bf5 34.Bf3 Ra4 35.Rc7 Be4 36.Bxe4 Nxe4
37.Rb3 Nf6 38.g3 a6 39.Kg2 Kh7 40.Rbb7 Nh5 41.Rc3 Nf6 42.Rf3 Kg8 43.Rb4 Ra5
44.g4 Rc5 45.Rd4 Rc2+ 46.Kg3 Rc1 47.g5 hxg5 48.hxg5 Nh5+ 49.Kg4 g6 50.Rd8+ Kg7
51.Rd7+ Kg8 52.Rb3 Rc4+ 53.Kf3 Rf4+ 54.Ke3 Rf8 55.Rbb7 Re8+ 56.Kd4 Nf4 57.Rg7+ Kh8
58.Rh7+ Kg8 59.Rbg7+ Kf8 60.Rh8+ Kxg7 61.Rxe8 Kf7 62.Re5 Ne6+ 63.Kd5 Nc7+
64.Ke4  1-0

[Event "XVIII Carlos Torre Mem Prelim"]
[Site "Merida MEX"]
[Date "2005.12.17"]
[Round "4"]
[White "Hernandez,Hold"]
[Black "Rohl,J"]
[Result "1-0"]
[WhiteElo "2483"]
[BlackElo "2405"]

1.d4 Nf6 2.c4 e6 3.Nc3 Bb4 4.f3 c5 5.d5 b5 6.e4 bxc4 7.Bxc4 Nxd5 8.Bxd5 exd5
9.Qxd5 Nc6 10.Ne2 O-O 11.O-O Qb6 12.Be3 Ba6 13.Rf2 d6 14.Qxd6 Rad8 15.Qg3 Nd4
16.Nf4 Bxc3 17.bxc3 Ne6 18.Nxe6 Qxe6 19.Bxc5 Rfe8 20.Bxa7 f5 21.Bd4 Rd7 22.Re1 Bc4
23.Rb2 Rf7 24.Rb6 Qd7 25.exf5  1-0

[Event "5th Amplico AIG Life"]
[Site "Warsaw POL"]
[Date "2005.12.17"]
[Round "2"]
[White "Moranda,W"]
[Black "Szymanska,M"]
[Result "1-0"]
[WhiteElo "2451"]
[BlackElo "2159"]

1.d4 e6 2.c4 Nf6 3.Nc3 Bb4 4.f3 d5 5.a3 Bxc3+ 6.bxc3 c5 7.cxd5 Nxd5 8.dxc5 Qa5
9.e4 Ne7 10.Be3 O-O 11.Qb3 Nec6 12.a4 Nd7 13.Bb5 Nde5 14.Nh3 Bd7 15.O-O Rfc8
16.Qa3 a6 17.Be2 Be8 18.Nf2 Nd7 19.f4 b6 20.cxb6 Nxb6 21.Rfb1 Rab8 22.Bd3 h6
23.h3 Rd8 24.Rc1 Na7 25.c4 Nc6 26.c5 Nd7 27.Rc4 Nf6 28.Rac1 Rdc8 29.Qa2 Rb4
30.Bd2 Rxc4 31.Rxc4 Qc7 32.a5 Rb8 33.g3 Na7 34.Bc3 Bb5 35.Be5 Bxc4 36.Qxc4 Qb7
37.Bxb8 Qxb8 38.Qxa6 Qc7 39.Qb6 Qd7 40.a6 Ne8 41.Qb7 Qc7 42.Bb5 Qxc5 43.Bxe8  1-0

[Event "5th Amplico AIG Life"]
[Site "Warsaw POL"]
[Date "2005.12.18"]
[Round "10"]
[White "Kadziolka,B"]
[Black "Aleksandrov,A"]
[Result "0-1"]
[WhiteElo "2352"]
[BlackElo "2636"]

1.d4 Nf6 2.c4 e6 3.Nc3 Bb4 4.f3 O-O 5.e4 d5 6.cxd5 exd5 7.e5 Nfd7 8.f4 c5
9.Nf3 cxd4 10.Qxd4 Nc6 11.Qxd5 Ndxe5 12.Qxd8 Nxf3+ 13.gxf3 Rxd8 14.Be3 Bf5
15.Kf2 Nd4 16.Rd1 Nc2 17.Rxd8+ Rxd8 18.Bxa7 Rd2+ 19.Kg3 Nd4 20.Bc4 h5 21.Bxd4 Rxd4
22.Bb3 Rd2 23.Rd1 Rxb2 24.Ne4 g6 25.Ng5 Kg7 26.Bxf7 Re2 27.Bd5 b6 28.Ne4 Be1+
29.Rxe1 Rxe1  0-1

[Event "5th Amplico AIG Life"]
[Site "Warsaw POL"]
[Date "2005.12.18"]
[Round "11"]
[White "Moranda,W"]
[Black "Azarov,S"]
[Result "0-1"]
[WhiteElo "2451"]
[BlackElo "2599"]

1.d4 Nf6 2.c4 e6 3.Nc3 Bb4 4.f3 O-O 5.a3 Bxc3+ 6.bxc3 c5 7.e4 d6 8.Bd3 Nc6
9.Ne2 b6 10.Bg5 e5 11.O-O h6 12.Bh4 cxd4 13.cxd4 exd4 14.f4 Bg4 15.h3 Bxe2
16.Qxe2 Re8 17.Rf2 Re6 18.Raf1 Qe7 19.Qc2 Re8 20.Re2 Qf8 21.Qa4 Na5 22.Rfe1 Nb7
23.Qxa7 Nc5 24.Rd1 Ra8 25.Qxb6 d5 26.Qb2 dxe4 27.Bb1 d3 28.Re3 Rb8 29.Qf2 Reb6
30.Ree1 Qd6 31.Bxf6 gxf6 32.Qh4 d2 33.Rf1 f5 34.Qh5 Qf6 35.g4 Rxb1 36.Rxb1 Rxb1
37.Rxb1 Qd4+ 38.Kg2 d1=Q 39.Rxd1 Qxd1 40.Qxh6 Qf3+ 41.Kg1 Qg3+ 42.Kh1 Ne6  0-1

[Event "5th Amplico AIG Life"]
[Site "Warsaw POL"]
[Date "2005.12.18"]
[Round "13"]
[White "Moranda,W"]
[Black "Panczyk,K"]
[Result "1-0"]
[WhiteElo "2451"]
[BlackElo "2347"]

1.d4 Nf6 2.c4 e6 3.Nc3 Bb4 4.f3 c5 5.d5 Bxc3+ 6.bxc3 Qa5 7.e4 d6 8.Ne2 e5
9.Qb3 O-O 10.Ng3 Ne8 11.Bd3 g6 12.O-O Ng7 13.Bd2 Nd7 14.a4 Qd8 15.a5 Qh4
16.Qc2 Nf6 17.Qc1 h6 18.Bxh6 Nh7 19.Be3 f5 20.f4 fxe4 21.Nxe4 exf4 22.Rxf4 Bf5
23.Qd2 Bxe4 24.Bxe4 Qf6 25.Raf1 Nf5 26.Bd3 Qe7 27.h3 Qg7 28.Qe1 Kh8 29.Bxf5 Rxf5  1-0

[Event "Harmonie Open A"]
[Site "Groningen NED"]
[Date "2005.12.30"]
[Round "9"]
[White "Van Ketel,R"]
[Black "Hoeksema,E"]
[Result "1-0"]
[WhiteElo "2271"]
[BlackElo "2401"]

1.d4 Nf6 2.c4 e6 3.Nc3 Bb4 4.f3 c5 5.d5 Bxc3+ 6.bxc3 Qa5 7.Bd2 d6 8.e4 Nbd7
9.Ne2 Ne5 10.Ng3 Ng6 11.Bd3 h5 12.f4 h4 13.e5 dxe5 14.Bxg6 hxg3 15.fxe5 Nd7
16.Bxf7+ Kxf7 17.dxe6+ Ke8 18.exd7+ Bxd7 19.h3 Be6 20.O-O Rd8 21.Qc2 Kd7
22.Bg5 Rde8 23.Rab1 Kc8 24.Qe4 Qc7 25.Bf4 g6 26.Rb5 a6 27.Rb2 Rd8 28.Bxg3 Bf5
29.Qf4 Rhe8 30.Kh2 Be6 31.Rfb1 Rd7 32.Qe3 Qa5 33.Rb6 Qxa2 34.Qxc5+ Rc7 35.Qb4 Qxc4
36.Rxb7 Qxb4 37.Rxc7+ Kxc7 38.Rxb4 a5 39.Rd4 Kc6 40.Bf4 Kb5 41.Bc1 Bf5 42.g4 Bb1
43.Rd5+ Ka4 44.Bd2 Ba2 45.c4 Bxc4 46.Rxa5+ Kb3 47.Rc5 Rd8 48.Be1 Rd1 49.Bf2 Rd2
50.Kg1 Rd1+ 51.Kh2 Rd2 52.Kg1 Rd1+ 53.Kg2 Bf1+ 54.Kf3 Bxh3 55.e6 Rd8 56.e7 Re8
57.Rc7 Kb4 58.Kf4 Bf1 59.Ke5 Bc4 60.Kf6 Ba2 61.Kxg6 Rb8 62.Kf6 Bd5  1-0

[Event "Open"]
[Site "Verona ITA"]
[Date "2006.01.02"]
[Round "1"]
[White "Naumkin,I"]
[Black "Sciortino,Mas"]
[Result "1/2-1/2"]
[WhiteElo "2445"]
[BlackElo "2273"]

1.d4 e6 2.c4 Nf6 3.Nc3 Bb4 4.f3 c5 5.d5 O-O 6.e4 d6 7.Ne2 exd5 8.exd5 Nbd7
9.Ng3 Re8+ 10.Be2 a6 11.O-O b5 12.Kh1 Ne5 13.a3 Bxc3 14.bxc3 Qc7 15.Be3 Bd7
16.Qd2 Rab8  1/2-1/2

[Event "10th Open"]
[Site "Bad Zwesten GER"]
[Date "2006.01.05"]
[Round "6"]
[White "Bauer,Ch"]
[Black "Graf,A"]
[Result "1/2-1/2"]
[WhiteElo "2625"]
[BlackElo "2613"]

1.d4 Nf6 2.c4 e6 3.Nc3 Bb4 4.f3 d5 5.a3 Bxc3+ 6.bxc3 c5 7.cxd5 exd5 8.e3 Qc7
9.Ra2 Bf5 10.g4 Bd7 11.Bd3 Nc6  1/2-1/2

[Event "4th Parsvnath Open"]
[Site "New Delhi IND"]
[Date "2006.01.16"]
[Round "3"]
[White "Praveen Kumar,C"]
[Black "Kotsur,P"]
[Result "0-1"]
[WhiteElo "2239"]
[BlackElo "2570"]

1.d4 Nf6 2.c4 e6 3.Nc3 Bb4 4.f3 O-O 5.e4 d5 6.cxd5 exd5 7.e5 Nfd7 8.f4 c5
9.a3 Ba5 10.Nf3 cxd4 11.Nxd4 Nxe5 12.fxe5 Qh4+ 13.Ke2 Bb6 14.Be3 Bg4+ 15.Nf3 d4
16.Bxd4 Bxf3+ 17.Kxf3 Bxd4 18.g3 Qh5+ 19.Kg2 Qxe5 20.Qf3 Nc6 21.Bd3 Rad8
22.Rac1 Qg5 23.Ne4 Qh6 24.Qe2 Ne5 25.Bb1 f5 26.Nc3 Bxc3  0-1

[Event "Classic"]
[Site "Queenstown NZL"]
[Date "2006.01.20"]
[Round "6"]
[White "Zhao Zong Yuan"]
[Black "Wohl,A"]
[Result "0-1"]
[WhiteElo "2461"]
[BlackElo "2439"]

1.d4 Nf6 2.c4 e6 3.Nc3 Bb4 4.f3 d5 5.a3 Bxc3+ 6.bxc3 O-O 7.cxd5 exd5 8.e3 c5
9.Bd3 b6 10.Ne2 Ba6 11.Bxa6 Nxa6 12.O-O Re8 13.Qd3 Nc7 14.Ng3 Ne6 15.Bb2 Rc8
16.Rad1 Qc7 17.Rf2 cxd4 18.cxd4 g6 19.Rc1 Qd7 20.Rxc8 Rxc8 21.e4 Qa4 22.e5 Nf4
23.Qd2 N6h5 24.Nxh5 Nxh5 25.g4 Ng7 26.f4 Qb3 27.f5 Qh3 28.Qf4 h5 29.fxg6 fxg6
30.gxh5 Qxh5 31.Qf7+ Kh7 32.Qxd5 Rc2 33.Qg2 Nf5 34.h3 Qd1+ 35.Qf1 Qxf1+ 36.Kxf1 Ne3+
37.Ke1 Rxf2 38.Kxf2 Nd1+ 39.Kf3 Nxb2 40.Ke4 Kg7 41.Kd5 Kf7 42.Kc6 Ke7 43.Kb7 Nc4
44.a4 Nb2 45.Kxa7 Nxa4 46.Ka6 Ke6 47.Kb5 Nc3+ 48.Kxb6 g5 49.Kc5 Nd5  0-1

[Event "Classic"]
[Site "Queenstown NZL"]
[Date "2006.01.21"]
[Round "7"]
[White "Bjelobrk,I"]
[Black "Zhao Zong Yuan"]
[Result "1-0"]
[WhiteElo "2399"]
[BlackElo "2461"]

1.d4 Nf6 2.c4 e6 3.Nc3 Bb4 4.f3 d5 5.a3 Be7 6.e4 dxe4 7.fxe4 e5 8.d5 Bc5
9.Nf3 Ng4 10.Na4 Bf2+ 11.Ke2 b5 12.h3 bxa4 13.hxg4 Bg3 14.Rh3 Bf4 15.Bxf4 exf4
16.Rh4 O-O 17.Qd4 Nd7 18.g5 Re8 19.Rxf4 Qe7 20.Re1 c5 21.Qd2 Ne5 22.Kf2 Rb8
23.Kg1 Bd7 24.Nxe5 Qxe5 25.Rf2 Bg4 26.Qe3 Rb6 27.Qxc5 Qxg5 28.Qc7 Rf8 29.e5 Rh6
30.e6 f5 31.g3 Qh5 32.Bg2 g5 33.e7 Re8 34.d6 Qh2+ 35.Kf1 Bh3 36.Qd7 Bxg2+
37.Rxg2 Qh5 38.Qxe8+  1-0

[Event "TCh-HUN 2005-6"]
[Site "Hungary HUN"]
[Date "2006.01.22"]
[Round "6"]
[White "Forintos,G"]
[Black "Jakab,A"]
[Result "1/2-1/2"]
[WhiteElo "2347"]
[BlackElo "2412"]

1.d4 e6 2.c4 Bb4+ 3.Nc3 Nf6 4.f3 Bxc3+ 5.bxc3 d5 6.cxd5 Nxd5 7.Qb3 c5 8.e4 Nc7
9.dxc5 O-O 10.Bf4 Nca6 11.Bd6 Re8 12.Bb5 Bd7 13.Ne2 Qc8 14.Bxa6 Nxa6 15.Qa3 e5
16.Rb1 Be6 17.O-O Bc4 18.Rfe1 Qc6 19.Ng3 g6 20.Nf1 Bxf1 21.Kxf1 Rac8 22.Red1 Nxc5
23.Bxc5 Qxc5 24.Qxc5 Rxc5 25.Rxb7 Rxc3 26.Rxa7 Rc2 27.Re1 Rb8 28.Re2 Rxe2
29.Kxe2 Rb2+ 30.Kf1 Kg7 31.h4 h5 32.Ra6 f5 33.exf5 gxf5 34.Ra5 Kf6 35.Kg1 Rb4
36.Ra6+ Kg7 37.Re6 Rb5 38.Kh2 Ra5 39.Kh3 Rxa2 40.Rxe5 Kf6 41.Rb5 Ra4 42.Rb6+ Kg7
43.Kg3 Rc4 44.Re6 Rb4 45.Kf2 Rxh4  1/2-1/2

[Event "Winter Open"]
[Site "Belgrade SCG"]
[Date "2006.01.24"]
[Round "4"]
[White "Milicevic I,P"]
[Black "Pucarevic,M"]
[Result "0-1"]
[WhiteElo "2169"]
[BlackElo "2268"]

1.d4 Nf6 2.c4 e6 3.Nc3 Bb4 4.f3 O-O 5.e4 c5 6.d5 d6 7.Bd3 b5 8.Ne2 exd5 9.cxd5 c4
10.Bc2 Qb6 11.a4 bxa4 12.Nd4 a3 13.Kf1 Bd7 14.Rb1 axb2 15.Rxb2 a5 16.Bg5 Ne8
17.Be7 Qa7 18.Qd2 Na6 19.Bxf8 Kxf8 20.g4 Nc5 21.Nde2 Nb3 22.Bxb3 cxb3 23.Rxb3 Nc7
24.Kg2 Na6 25.Rhb1 Rc8 26.Qf4 Qc7 27.Na2 Nc5 28.Nxb4 Nxb3 29.Rxb3 axb4 30.Rxb4 Ra8
31.Qd2 h6 32.Qb2 Kg8 33.Rb7 Qc8 34.h3 Kh7 35.Kg3 Be8 36.Rb4 Qc5 37.Rb3 Ra4
38.Rc3 Qa7 39.Nc1 Qg1+ 40.Kf4 g5+ 41.Kf5 Qd4 42.Nd3 Bd7+  0-1

[Event "Classic"]
[Site "Queenstown NZL"]
[Date "2006.01.24"]
[Round "10"]
[White "Davis,T2"]
[Black "Caoili,A"]
[Result "1/2-1/2"]
[WhiteElo "1988"]
[BlackElo "2207"]

1.d4 Nf6 2.c4 e6 3.Nc3 Bb4 4.f3 d5 5.a3 Bxc3+ 6.bxc3 h6 7.e3 O-O 8.Bd3 c5
9.Ne2 Qc7 10.cxd5 exd5 11.O-O Re8 12.Ng3 Nc6 13.Bb1 h5 14.Qc2 g6 15.e4 h4
16.Bg5 hxg3 17.Bxf6 gxh2+ 18.Kh1 Qf4 19.exd5 Qxf6 20.dxc6 cxd4 21.cxd4 bxc6
22.Qc5 Ba6 23.Rc1 Re2 24.Be4 Qf4 25.Rc2 Rxc2 26.Qxc2 Rb8 27.Qxc6 Bb7 28.Qc1 Qxc1+
29.Rxc1 Bxe4 30.fxe4 Rb3 31.d5 Rxa3 32.Rd1 Kf8 33.Kxh2 a5 34.e5 Re3 35.d6 Ke8
36.Rd5 a4 37.Ra5 a3 38.Kg1 a2 39.Kf2 Re4 40.Kf3 Re1 41.Rxa2 Rxe5 42.Ra8+ Kd7
43.Ra7+ Ke6 44.Re7+  1/2-1/2

[Event "Gibtelecom Masters"]
[Site "Gibraltar ENG"]
[Date "2006.01.29"]
[Round "6"]
[White "Cafolla,P"]
[Black "Bakker,S"]
[Result "0-1"]
[WhiteElo "2080"]
[BlackElo "2308"]

1.d4 Nf6 2.c4 e6 3.Nc3 Bb4 4.f3 c5 5.d5 Bxc3+ 6.bxc3 d6 7.e4 Qa5 8.Qb3 Nbd7
9.Nh3 O-O 10.Nf4 e5 11.Ne2 a6 12.g4 b5 13.Ng3 Nb6 14.Rb1 Nxc4 15.Bxc4 bxc4
16.Qc2 Ne8 17.h4 Nc7 18.Qd2 Nb5 19.Ne2 Rb8 20.a4 Nd4 21.cxd4 Qxd2+ 22.Kxd2 Rxb1
23.dxe5 dxe5 24.Kc2 Rb3 25.Nc3 Bd7 26.Be3 Rfb8 27.Ra1 Rb2+ 28.Kc1 R8b3 29.Bd2 Rb8
30.Nb5 Rxd2 31.Kxd2 axb5 32.axb5 h5  0-1

[Event "Gibtelecom Masters"]
[Site "Gibraltar ENG"]
[Date "2006.01.29"]
[Round "6"]
[White "Volkov,S1"]
[Black "Gyimesi,Z"]
[Result "1/2-1/2"]
[WhiteElo "2629"]
[BlackElo "2602"]

1.d4 Nf6 2.c4 e6 3.Nc3 Bb4 4.f3 d5 5.a3 Bxc3+ 6.bxc3 c5 7.cxd5 Nxd5 8.dxc5 Qa5
9.e4 Nc7 10.Be3 O-O 11.Kf2 e5 12.Rb1 Qxa3 13.Ne2 Nba6 14.Qc1 Qa5 15.c6 Nc5
16.Ng3 N7e6 17.Nf5 bxc6 18.Ra1 Qd8 19.Qa3 g6 20.Nh6+ Kh8 21.h4 Nd7 22.h5 Nf6
23.g4 Kg7 24.Bc4 Nf4 25.Rad1 Qc7 26.Nxf7 Be6 27.Bxf4 Nxg4+ 28.Ke1 Qxf7 29.Bxe6 Qxe6
30.Rd6 Qf7 31.hxg6 hxg6 32.Bg3 Qxf3 33.Rd7+ Rf7 34.Rxf7+ Qxf7 35.Qd6 Re8
36.Rf1 Qe6 37.Qc7+ Re7 38.Qb8 Nf6 39.Bh4 Rf7 40.Bxf6+ Rxf6 41.Qc7+ Rf7 42.Rxf7+ Qxf7
43.Qxe5+ Kh6 44.Qh2+ Kg5 45.Qg3+ Kf6 46.Qf2+ Kg7 47.Qd4+ Kg8 48.Qd6 Qc4 49.Qxg6+ Kf8
50.Qd6+  1/2-1/2

[Event "Gibtelecom Masters"]
[Site "Gibraltar ENG"]
[Date "2006.02.01"]
[Round "9"]
[White "Volkov,S1"]
[Black "Georgiev,Ki"]
[Result "0-1"]
[WhiteElo "2629"]
[BlackElo "2645"]

1.d4 Nf6 2.c4 e6 3.Nc3 Bb4 4.f3 d5 5.a3 Bxc3+ 6.bxc3 c5 7.cxd5 Nxd5 8.dxc5 Qa5
9.e4 Ne7 10.Be3 O-O 11.Qb3 Qc7 12.Rb1 Nd7 13.Qc4 Ne5 14.Qb5 f5 15.Be2 Bd7
16.Qxb7 Qa5 17.Bd4 N7c6 18.Qa6 Qd8 19.exf5 Nxd4 20.cxd4 Qh4+ 21.Kf1 Qxd4
22.Qd6 Qe3 23.Re1 Rxf5 24.Ba6 Qxa3 25.Bb7 Bb5+ 26.Ne2 Raf8 27.Be4 Nxf3 28.Bxf5 Rxf5
29.Qxe6+ Rf7 30.Qc8+ Rf8 31.Qe6+ Kh8 32.Qe7 Re8 33.Qxe8+ Bxe8 34.Rd1 Kg8
35.h4 Nd2+ 36.Ke1 Ne4 37.Rh3 Qxc5 38.Nd4 Bh5  0-1

[Event "Gibtelecom Masters"]
[Site "Gibraltar ENG"]
[Date "2006.02.02"]
[Round "10"]
[White "Cafolla,P"]
[Black "Sbia,B"]
[Result "1-0"]
[WhiteElo "2080"]
[BlackElo "1989"]

1.d4 Nf6 2.c4 e6 3.Nc3 Bb4 4.f3 d5 5.a3 Bxc3+ 6.bxc3 c5 7.cxd5 exd5 8.e3 Qa5
9.Bd2 c4 10.e4 dxe4 11.Bxc4 e3 12.Bxe3 Qxc3+ 13.Kf2 Qxc4 14.Rc1 Qe6 15.d5 Qd7
16.Bc5 Qxd5 17.Qe2+ Be6 18.Nh3 Nbd7 19.Rhd1 Qe5 20.Qb5 a6 21.Qxb7 Rb8 22.Qc6 Qxh2
23.Bd6 Rb2+ 24.Ke3 Rb3+ 25.Kd4 Qxd6+ 26.Qxd6 Rb8 27.Ke3 Bxh3 28.gxh3 h5 29.Kf2 Rb2+
30.Kf1 Kd8 31.Re1  1-0

[Event "Open"]
[Site "Moscow RUS"]
[Date "2006.02.03"]
[Round "6"]
[White "Konovalov,N"]
[Black "Zontakh,A"]
[Result "1/2-1/2"]
[WhiteElo "2427"]
[BlackElo "2545"]

1.d4 Nf6 2.c4 e6 3.Nc3 Bb4 4.f3 O-O 5.e4 d5 6.e5 Nfd7 7.a3 Bxc3+ 8.bxc3 f6
9.exf6 Nxf6 10.Bd3 Nc6 11.Ne2 e5 12.O-O dxc4 13.Bxc4+ Kh8 14.a4 exd4 15.Nxd4 Nxd4
16.cxd4 Nd5 17.Re1 c6 18.Ba3 Re8 19.Bxd5 cxd5 20.Qb3 Bd7 21.Qxb7 Bxa4 22.Be7 Qd7
23.Qxd7 Bxd7 24.Ra5 Bc6 25.Rc1 Rxe7 26.Rxc6 Rd7 27.Rca6 Kg8 28.Kf2 Rb8 29.Rxa7 Rxa7
30.Rxa7 Rb2+ 31.Kg3 Rb4  1/2-1/2

[Event "Open"]
[Site "Moscow RUS"]
[Date "2006.02.05"]
[Round "8"]
[White "Konovalov,N"]
[Black "Maslak,K"]
[Result "0-1"]
[WhiteElo "2427"]
[BlackElo "2529"]

1.d4 e6 2.c4 Nf6 3.Nc3 Bb4 4.f3 d5 5.a3 Bxc3+ 6.bxc3 c5 7.cxd5 Nxd5 8.Qd3 b6
9.e4 Ba6 10.c4 Ne7 11.d5 exd5 12.exd5 O-O 13.Bb2 Nc8 14.O-O-O Nd6 15.Qc3 Qg5+
16.Kb1 Nd7 17.h4 Qf6 18.Qc2 Qd8 19.Nh3 Re8 20.Bd3 h6 21.Nf4 Ne5 22.Qc3 Qd7
23.Rh3 Bxc4 24.Be4 Qa4 25.Bc2 Ba2+ 26.Kxa2 Qxf4 27.Bc1 Qc4+ 28.Qxc4 Nexc4
29.Bd3 Ne3 30.Rd2 Rad8 31.Bb2 Ndc4 32.Rc2 Nxc2  0-1

[Event "Premier"]
[Site "Portsmouth ENG"]
[Date "2006.02.18"]
[Round "2"]
[White "Cutmore,D"]
[Black "Mansson,J"]
[Result "1/2-1/2"]
[WhiteElo "2093"]
[BlackElo "2114"]

1.d4 Nf6 2.c4 e6 3.Nc3 Bb4 4.f3 d5 5.a3 Bxc3+ 6.bxc3 c5 7.cxd5 Nxd5 8.dxc5 Qa5
9.e4 Ne7 10.Be3 O-O 11.Qb3 Nec6 12.Nh3 Nd7 13.Bb5 Qc7 14.f4 a6 15.Be2 Na5
16.Qb4 Nc6 17.Qc4 Na5 18.Qb4 Nc6 19.Qc4 Na5  1/2-1/2

[Event "Premier"]
[Site "Portsmouth ENG"]
[Date "2006.02.18"]
[Round "3"]
[White "Cutmore,M"]
[Black "Duggan,M"]
[Result "1/2-1/2"]
[WhiteElo "2026"]
[BlackElo "2082"]

1.d4 Nf6 2.c4 e6 3.Nc3 Bb4 4.f3 d5 5.a3 Be7 6.e4 dxe4 7.fxe4 e5 8.d5 Bc5
9.Nf3 Bg4 10.Be2 Bxf3 11.Bxf3 O-O 12.Rb1 a5 13.b4 axb4 14.axb4 Be7 15.O-O Na6
16.Ba3 c6 17.Qb3 Qb6+ 18.Kh1 c5 19.b5 Nc7 20.Bc1 Nce8 21.Be3 Nd7 22.Ra1 Nd6
23.Ra4 Qc7 24.Rfa1 Rxa4 25.Nxa4 Ra8 26.Rd1  1/2-1/2

[Event "ITT Torre Blanca"]
[Site "Buenos Aires ARG"]
[Date "2006.02.19"]
[Round "3"]
[White "Granara Barreto,S"]
[Black "Albarran,G"]
[Result "1-0"]
[WhiteElo "2241"]
[BlackElo "2241"]

1.d4 e6 2.c4 Nf6 3.Nc3 Bb4 4.f3 c5 5.a3 Bxc3+ 6.bxc3 d5 7.e3 O-O 8.Bd3 Nc6
9.Ne2 Na5 10.cxd5 c4 11.Bc2 exd5 12.Ng3 Re8 13.O-O h5 14.Ra2 g6 15.e4 h4
16.Bg5 hxg3 17.e5 gxh2+ 18.Kh1 Re6 19.Bxf6 Rxf6 20.exf6 Qxf6 21.f4 Bf5 22.Bxf5 Qxf5
23.Re2 Rd8 24.g4 Qd3 25.Qe1 Nc6 26.Re3 Qc2 27.Rf2 Qb3 28.Rxh2 Kg7 29.g5 Rg8
30.Rh7+  1-0

[Event "Masters"]
[Site "Bruges BEL"]
[Date "2006.02.26"]
[Round "2"]
[White "Piceu,T"]
[Black "Malakhatko,V"]
[Result "1/2-1/2"]
[WhiteElo "2345"]
[BlackElo "2556"]

1.d4 Nf6 2.c4 e6 3.Nc3 Bb4 4.f3 d5 5.a3 Bxc3+ 6.bxc3 c5 7.e3 Qc7 8.Bd2 dxc4
9.Bxc4 O-O 10.Rc1 Rd8 11.Ne2 Nc6 12.f4 b6 13.Ng3 Bb7 14.O-O Ne7 15.Bd3 Qd7
16.Qe2 Nf5 17.Rfd1 Nxg3 18.hxg3 Be4 19.Bb5 Qe7 20.g4 h6 21.Be1 Ne8 22.Bd3 Nd6
23.c4 Bxd3 24.Rxd3 Ne4 25.Rcd1 Rd7 26.dxc5 Rxd3 27.Qxd3 Nxc5 28.Qd4 Qf6 29.Qxf6 gxf6
30.Bc3 Ne4 31.Bb2 Rc8 32.Rd4 Nc5 33.Rd1 Kg7 34.g5 hxg5 35.fxg5 e5 36.Rd6 Ne6
37.gxf6+ Kxf6 38.Rd5 Rxc4 39.Bxe5+ Kg6 40.Rd7 Rc5 41.Bd4 Nxd4 42.Rxd4 Rc3
43.Ra4 a5 44.Kf2 f6 45.Kf3 Kf7 46.Kf4 Rb3 47.g4 Kg6 48.e4 Rb1 49.Rd4 Rf1+
50.Kg3 b5 51.Rd5 Ra1 52.Rxb5 Rxa3+ 53.Kf4 Ra1 54.e5 a4 55.exf6 a3 56.Rg5+ Kxf6
57.Rf5+ Kg6 58.Rg5+  1/2-1/2

[Event "III GM-Tage"]
[Site "Pulvermuehle GER"]
[Date "2006.02.28"]
[Round "4"]
[White "Braun,A"]
[Black "Prusikin,M"]
[Result "0-1"]
[WhiteElo "2491"]
[BlackElo "2563"]

1.d4 Nf6 2.c4 e6 3.Nc3 Bb4 4.f3 d5 5.a3 Bxc3+ 6.bxc3 c5 7.cxd5 Nxd5 8.dxc5 Qa5
9.e4 Ne7 10.Be3 O-O 11.Qb3 Bd7 12.Kf2 Nbc6 13.Ne2 f5 14.Rd1 Be8 15.Kg1 fxe4
16.fxe4 Kh8 17.Ng3 Ne5 18.Qxb7 Ba4 19.Rc1 Ng4 20.Qxe7 Nxe3 21.Nh5 Qxc3 22.h3 Rxf1+
23.Rxf1 Nxf1 24.Kxf1 Qd4 25.Ke2 Qxe4+ 26.Kf2 Qf5+  0-1